Public finance/ (Record no. 1456)

MARC details
000 -LEADER
fixed length control field 00540cam a2200217ua 4500
005 - DATE AND TIME OF LATEST TRANSACTION
control field 20201204112044.0
008 - FIXED-LENGTH DATA ELEMENTS--GENERAL INFORMATION
fixed length control field 110712n ii |||frmmmmZ001|0|eng
020 ## - INTERNATIONAL STANDARD BOOK NUMBER
International Standard Book Number 812720191X
040 ## - CATALOGING SOURCE
Transcribing agency MAIN
Original cataloging agency IN-DiNC
041 ## - LANGUAGE CODE
Language code of sung or spoken text English
082 ## - DEWEY DECIMAL CLASSIFICATION NUMBER
Classification number 336
Item number LEK
100 1# - MAIN ENTRY--PERSONAL NAME
Personal name Lekhi, R. K.,
Relator term Author
245 1# - TITLE STATEMENT
Title Public finance/
Statement of responsibility, etc. by R. K. Lekhi
250 ## - EDITION STATEMENT
Edition statement 9th.
260 ## - PUBLICATION, DISTRIBUTION, ETC.
Place of publication, distribution, etc. New Delhi:
Name of publisher, distributor, etc. Kalyani Publishers,
Date of publication, distribution, etc. 2001.
300 ## - PHYSICAL DESCRIPTION
Extent 1028p:
Other physical details ill;
Dimensions 25cm.
650 ## - SUBJECT ADDED ENTRY--TOPICAL TERM
Topical term or geographic name entry element Economics
942 ## - ADDED ENTRY ELEMENTS (KOHA)
Koha item type Books
Source of classification or shelving scheme Dewey Decimal Classification
653 ## - INDEX TERM--UNCONTROLLED
Uncontrolled term Economics
653 ## - INDEX TERM--UNCONTROLLED
Uncontrolled term Public finance
Holdings
Withdrawn status Lost status Damaged status Not for loan Home library Current library Shelving location Date acquired Total Checkouts Full call number Barcode Date last seen Date last checked out Copy number Price effective from Koha item type Source of classification or shelving scheme Collection code Cost, normal purchase price
        Central Library, Naharkatiya College Central Library, Naharkatiya College General Stacks 19/09/2020 11 336 | LEK 2431 19/03/2026 29/01/2026 3 19/09/2020 Books      
        Central Library, Naharkatiya College Central Library, Naharkatiya College General Stacks 19/09/2020 5 336 | LEK 2432 04/08/2023 30/06/2023 2 19/09/2020 Books      
        Central Library, Naharkatiya College Central Library, Naharkatiya College General Stacks 19/09/2020 6 336 | LEK 2433 28/11/2024 24/09/2024 4 19/09/2020 Books      
        Central Library, Naharkatiya College Central Library, Naharkatiya College General Stacks 19/09/2020 5 336 | LEK 2435 04/08/2023 26/06/2023 1 19/09/2020 Books      
        Central Library, Naharkatiya College Central Library, Naharkatiya College General Stacks 04/12/2020 4 336 LEK 2434 04/06/2022 26/05/2022 5 04/12/2020 Books Dewey Decimal Classification Economics 240.00

Naharkatiya College © 2020. All rights reserved.

Powered By